| 000 | 00469nam a2200169Ia 4500 | ||
|---|---|---|---|
| 008 | 241115s9999 xx 000 0 und d | ||
| 020 | _a978-0-07-070655-2 | ||
| 082 | _a510 BUD | ||
| 100 | _aBudnick, Frank S. | ||
| 245 | 0 | _aApplied Mathematics for Business Economics and the Social Sciences | |
| 250 | _a4th | ||
| 260 |
_aNew Delhi: _bMcGrew Hill _c1993 |
||
| 300 | _axxv, 993p. | ||
| 600 | _aHumanities & Natural Science | ||
| 650 | _aMathematics | ||
| 942 | _cBBD | ||
| 999 |
_c27167 _d27167 |
||